| 000 | 00334nam a22001457a 4500 | ||
|---|---|---|---|
| 003 | SGT | ||
| 020 | _a9789383962259 | ||
| 082 |
_a070 _bT14K |
||
| 100 | _aKUMAR, PROMOD | ||
| 245 | _aTAGORE OR PREMCHAND KE VYAKTITV KA TULNATMAK VISHLESHAN | ||
| 260 |
_bANUGYA BOOKS _c2014 |
||
| 300 | _a64 | ||
| 650 | _aJOURNALISM | ||
| 942 |
_2ddc _cBK |
||
| 999 |
_c28370 _d28370 |
||